00829cam a2200217 a 4500001001000000003000900010005001700019008004100036020001500077040003000092082001900122100002600141245011900167260004000286300002100326504004500347650007200392650005700464650006700521700002300588000012830DO-SdBNP20260206103659.0040504s2002 mx b 001 0 spa c a9682323959 aDO-SdBNPbspacBNPHUerda a364.142bR541s1 aRico, José María.10aSeguridad ciudadana en América Latina :bhacia una política integral /cJosé María Rico, Laura Chinchilla. aMéxico :bSiglo Vientiuno,c2002. a187 p. ;c21 cm. aReferencias bibliográficas p. 181-187. 7aDelitos contra la seguridad pública zAmérica Latina2LIBRUNAM  7aPrevención del delitozAmérica Latina2LIBRUNAM  0aAdministración de justicia penalzAmérica Latina2LIBRUNAM1 aChinchilla, Laura.